Départements des Pays de la Loire (carte) - Statistiques

Statistiques générales
  • Ce quiz a été pris 7 109 fois
  • Le résultat moyen est 4 sur 5
Réponses sur la Carte
Les réponses sont colorées sur une échelle allant du rouge au vert en fonction du pourcentage des utilisateurs qui les ont devinées à leur premier essai. Vous pouvez retrouver ces pourcentages ci-dessous.
 
Statistiques - réponses
Départements % Correct
85 Vendée
88%
44 Loire-Atlantique
87%
53 Mayenne
71%
72 Sarthe
70%
49 Maine-et-Loire
63%
Aucun quiz correspondant
Distribution des résultats
% des personnes avec chaque résultat
Percentile par nombre de réponses
Votre historique - résultats
Vous n’avez pas pris ce quiz